000 00708cam a2200253 4500500
005 20260329004750.0
041 _afre
042 _adc
100 1 0 _aTenaillon, Nicolas
_eauthor
245 0 0 _aLe macaque, suppôt de l’économie libérale ?
260 _c2021.
500 _a34
690 _aAdam Smith
690 _aAltruisme
690 _aFrans de Waal
690 _aintérêt
690 _aLibéralisme
690 _aMorale
690 _aPrimate
690 _aSinge
690 _aVol
786 0 _nPhilosophie magazine | 147 | 3 | 2021-03-01 | p. 20-22 | 1951-1787
856 4 1 _uhttps://shs.cairn.info/magazine-philosophie-magazine-2021-3-page-20?lang=fr&redirect-ssocas=7080
999 _c1837087
_d1837087